[Event "SVK-chT3B2 1718"]
[Site "Slovakia"]
[Date "2017.10.08"]
[Round "1.1"]
[White "Reisel, Frantisek"]
[Black "Poliakova, Emma"]
[Result "1-0"]
[WhiteElo "1967"]
[BlackElo "1944"]
[PlyCount "75"]
[EventDate "2017.10.08"]
[EventType "team-tourn"]
[EventRounds "11"]
[EventCountry "SVK"]
[SourceTitle "EXT 2019"]
[Source "ChessBase"]
[SourceDate "2018.10.10"]
[SourceVersion "1"]
[SourceVersionDate "2018.10.10"]
[SourceQuality "1"]
[WhiteTeam "Prievidza II"]
[BlackTeam "Dubnica nad Vahom III"]
[WhiteTeamCountry "SVK"]
[BlackTeamCountry "SVK"]

1. d4 d5 2. c4 e6 3. Nc3 Nf6 4. Bg5 Be7 5. Nf3 Nbd7 6. e3 0-0 7. Qc2 c6 8. a3 Re8 9. Be2 b6 10. 0-0 Bb7 11. Rfd1 Qb8 12. cxd5 exd5 13. Rac1 Bd6 14. Bd3 h6 15. Bh4 Be7 16. Qe2 Ne4 17. Bxe7 Rxe7 18. Nh4 Ndf6 19. g3 Qe8 20. Ng2 Bc8 21. Re1 Ng5 22. f3 c5 23. dxc5 bxc5 24. Nd1 c4 25. Bb1 Ba6 26. h4 c3 27. Qxa6 Nxf3+ 28. Kf2 Nxe1 29. Nxe1 cxb2 30. Rc2 Ng4+ 31. Kg2 Nxe3+ 32. Nxe3 Rxe3 33. Nf3 Rd8 34. Rxb2 Qe7 35. a4 Qa3 36. Rf2 g5 37. Qxh6 Rd6 38. Bh7+ 1-0

[Event "Mitropa Cup (Women)"]
[Site "Balatonszarszo"]
[Date "2017.09.20"]
[Round "4.3"]
[White "Havanecz, Bianka"]
[Black "Poliakova, Emma"]
[Result "1-0"]
[WhiteElo "2181"]
[BlackElo "1928"]
[PlyCount "135"]
[EventDate "2017.09.17"]
[EventType "team-tourn"]
[EventRounds "9"]
[EventCountry "HUN"]
[SourceTitle "CBM 180 Extra"]
[Source "ChessBase"]
[SourceDate "2017.10.06"]
[SourceVersion "1"]
[SourceVersionDate "2017.10.06"]
[SourceQuality "1"]
[WhiteTeam "Hungary (W)"]
[BlackTeam "Slovakia (W)"]
[WhiteTeamCountry "HUN"]
[BlackTeamCountry "SVK"]

1. d4 d5 2. c4 e6 3. Nf3 Nf6 4. g3 Bb4+ 5. Bd2 Be7 6. Bg2 0-0 7. 0-0 Nbd7 8. Qc2 c6 9. Bf4 b6 10. Rd1 Bb7 11. Nc3 a5 12. b3 Ba6 13. Ne5 Rc8 14. e4 Bb4 15. Nxd7 Nxd7 16. Ne2 Re8 17. e5 a4 18. h4 Be7 19. Rac1 Ba3 20. Rb1 Be7 21. Bf3 Nf8 22. h5 h6 23. Kg2 Nh7 24. Ng1 Bg5 25. Kh3 a3 26. Be2 f5 27. Nf3 Rf8 28. c5 Bxe2 29. Qxe2 b5 30. b4 Rf7 31. Rd3 Ra8 32. Rbb3 Rfa7 33. Ne1 Qe8 34. Nc2 g6 35. hxg6 Qxg6 36. Rxa3 h5 37. Qf3 Bh6 38. Bxh6 Qxh6 39. Qf4 Qg6 40. Rxa7 Rxa7 41. Ra3 Ng5+ 42. Kg2 Rc7 43. Ra8+ Kh7 44. a4 bxa4 45. Rxa4 Ne4 46. Ra3 Rg7 47. Ra6 Qe8 48. Ne3 Qc8 49. Rb6 Nc3 50. b5 Nxb5 51. Qh4 Kh6 52. Kh2 Nc3 53. Qf6+ Kh7 54. Nxf5 exf5 55. Rxc6 Qd7 56. Rd6 Qe7 57. Qxf5+ Kg8 58. Rc6 Rf7 59. Qg6+ Kh8 60. Rc8+ Rf8 61. Qxh5+ Kg7 62. Rxf8 Qxf8 63. Qg5+ Kh7 64. f4 Ne4 65. Qh5+ Kg7 66. f5 Qa8 67. f6+ Nxf6 68. Qg5+ 1-0

[Event "Mitropa Cup (Women)"]
[Site "Balatonszarszo"]
[Date "2017.09.17"]
[Round "1.19"]
[White "Vidic, Teja"]
[Black "Poliakova, Emma"]
[Result "1-0"]
[WhiteElo "2128"]
[BlackElo "1928"]
[PlyCount "83"]
[EventDate "2017.09.17"]
[EventType "team-tourn"]
[EventRounds "9"]
[EventCountry "HUN"]
[SourceTitle "CBM 180 Extra"]
[Source "ChessBase"]
[SourceDate "2017.10.06"]
[SourceVersion "1"]
[SourceVersionDate "2017.10.06"]
[SourceQuality "1"]
[WhiteTeam "Slovenia (W)"]
[BlackTeam "Slovakia (W)"]
[WhiteTeamCountry "SLO"]
[BlackTeamCountry "SVK"]

1. e4 c5 2. b3 Nc6 3. Bb2 e6 4. Nc3 d6 5. Bb5 Bd7 6. f4 Nge7 7. Nf3 Ng6 8. g3 Be7 9. h4 Bf6 10. h5 Nf8 11. h6 Ng6 12. Bxc6 Bxc6 13. Qe2 gxh6 14. Rxh6 Bg7 15. Rh5 Qd7 16. 0-0-0 0-0-0 17. d4 cxd4 18. Nxd4 Kb8 19. Ndb5 Bxb5 20. Nxb5 Bxb2+ 21. Kxb2 Qc6 22. Qd3 Ne7 23. Rdh1 d5 24. Nd4 Qb6 25. e5 Rc8 26. Rxh7 Rhf8 27. R1h6 Qc5 28. Rf6 Nc6 29. Nxc6+ Rxc6 30. Rfxf7 Rxf7 31. Rxf7 Ra6 32. a4 Rc6 33. Qh7 Qc3+ 34. Kb1 Qe1+ 35. Ka2 Qb4 36. Qg8+ Rc8 37. Qh7 d4 38. Rd7 a6 39. Qe4 Rc6 40. Rd8+ Kc7 41. Rxd4 Qa5 42. Rc4 1-0

[Event "SVK-ch U16/20 Girls"]
[Site "Liptovsky Mikulas"]
[Date "2017.04.23"]
[Round "3"]
[White "Poliakova, Emma"]
[Black "Sankova, Stella"]
[Result "1-0"]
[WhiteElo "1908"]
[BlackElo "1804"]
[PlyCount "45"]
[EventDate "2017.04.22"]
[EventType "swiss"]
[EventRounds "9"]
[EventCountry "SVK"]
[SourceTitle "CBM 178 Extra"]
[Source "ChessBase"]
[SourceDate "2017.06.22"]
[SourceVersion "1"]
[SourceVersionDate "2017.06.22"]
[SourceQuality "1"]

1. e4 c5 2. Nf3 d6 3. d4 cxd4 4. Nxd4 Nf6 5. Nc3 a6 6. Bd3 e5 7. Nb3 Be7 8. 0-0 0-0 9. f3 Be6 10. Qe1 Nbd7 11. Be3 Rc8 12. Rd1 Qc7 13. Qf2 Nc5 14. Nxc5 dxc5 15. Nd5 Bxd5 16. exd5 Bd6 17. Bf5 Rce8 18. Qh4 h6 19. Bxh6 gxh6 20. Qxf6 c4 21. Qxh6 f6 22. Kh1 Qg7 23. Be6+ 1-0

[Event "SVK-chT2B 1617"]
[Site "Slovakia"]
[Date "2017.02.11"]
[Round "8.3"]
[White "Poliakova, Emma"]
[Black "Nagy, Attila"]
[Result "1/2-1/2"]
[WhiteElo "1894"]
[BlackElo "2092"]
[PlyCount "57"]
[EventDate "2016.10.08"]
[EventType "team-tourn"]
[EventRounds "11"]
[EventCountry "SVK"]
[SourceTitle "EXT 2018"]
[Source "ChessBase"]
[SourceDate "2017.10.13"]
[SourceVersion "1"]
[SourceVersionDate "2017.10.13"]
[SourceQuality "1"]
[WhiteTeam "Povazske Podhradie"]
[BlackTeam "Sala Slovan Duslo"]
[WhiteTeamCountry "SVK"]
[BlackTeamCountry "SVK"]

1. e4 c5 2. Nf3 g6 3. d4 Bg7 4. Nc3 cxd4 5. Nxd4 Nc6 6. Nb3 a5 7. a3 a4 8. Nd2 Bxc3 9. bxc3 Nf6 10. Bd3 d5 11. 0-0 dxe4 12. Nxe4 Nxe4 13. Bxe4 Qxd1 14. Rxd1 Bf5 15. Bxf5 gxf5 16. Rb1 0-0 17. Rxb7 Rab8 18. Rbd7 Rb1 19. Bh6 Rfb8 20. h3 f6 21. Kh2 Rxd1 22. Rxd1 Rb2 23. Be3 Rxc2 24. Rd3 Kf7 25. Kg1 e5 26. Bc5 e4 27. Rd7+ Kg6 28. Rd6 Ne5 29. Bd4 1/2-1/2

[Event "SVK-chT2B 1617"]
[Site "Slovakia"]
[Date "2016.12.03"]
[Round "5.2"]
[White "Kvassay, Peter"]
[Black "Poliakova, Emma"]
[Result "1/2-1/2"]
[WhiteElo "2010"]
[BlackElo "1894"]
[PlyCount "42"]
[EventDate "2016.10.08"]
[EventType "team-tourn"]
[EventRounds "11"]
[EventCountry "SVK"]
[SourceTitle "EXT 2018"]
[Source "ChessBase"]
[SourceDate "2017.10.13"]
[SourceVersion "1"]
[SourceVersionDate "2017.10.13"]
[SourceQuality "1"]
[WhiteTeam "Povazska Bystrica II"]
[BlackTeam "Povazske Podhradie"]
[WhiteTeamCountry "SVK"]
[BlackTeamCountry "SVK"]

1. d4 d5 2. Nf3 Nf6 3. e3 c6 4. c4 e6 5. b3 Bd6 6. Nbd2 Nbd7 7. Bb2 0-0 8. Qc2 Qe7 9. Ne5 c5 10. Be2 b6 11. 0-0 Bb7 12. Bf3 Rac8 13. Nxd7 Nxd7 14. dxc5 Nxc5 15. Rfd1 dxc4 16. Bxb7 Nxb7 17. bxc4 b5 18. Rac1 Bb4 19. Bd4 bxc4 20. Nxc4 Na5 21. Qe2 Nxc4 1/2-1/2

[Event "SVK-chT3B2 1617"]
[Site "Slovakia"]
[Date "2016.10.30"]
[Round "2.2"]
[White "Poliakova, Emma"]
[Black "Solik, Rudolf1111"]
[Result "1/2-1/2"]
[WhiteElo "1899"]
[BlackElo "1747"]
[PlyCount "30"]
[EventDate "2016.10.16"]
[EventType "team-tourn"]
[EventRounds "11"]
[EventCountry "SVK"]
[SourceTitle "CBM 175 Extra"]
[Source "ChessBase"]
[SourceDate "2016.12.12"]
[SourceVersion "1"]
[SourceVersionDate "2016.12.12"]
[SourceQuality "1"]
[WhiteTeam "Dubnica nad Vahom III"]
[BlackTeam "Dubnica nad Vahom IV"]
[WhiteTeamCountry "SVK"]
[BlackTeamCountry "SVK"]

1. e4 d5 2. exd5 Nf6 3. d4 Qxd5 4. Nc3 Qd8 5. Bc4 Bg4 6. Nf3 e6 7. 0-0 Bd6 8. Re1 0-0 9. Nb5 Nc6 10. Nxd6 Qxd6 11. Be3 Rad8 12. c3 h6 13. Be2 Rfe8 14. Qc2 Bf5 15. Qc1 Qf8 1/2-1/2

[Event "EU-ch U18 Girls 26th"]
[Site "Prague"]
[Date "2016.08.20"]
[Round "3"]
[White "Poliakova, Emma"]
[Black "Pokorna, Jana"]
[Result "1-0"]
[WhiteElo "1912"]
[BlackElo "1630"]
[PlyCount "91"]
[EventDate "2016.08.18"]
[EventType "swiss"]
[EventRounds "9"]
[EventCountry "CZE"]
[SourceTitle "CBM 174 Extra"]
[Source "ChessBase"]
[SourceDate "2016.10.10"]
[SourceVersion "1"]
[SourceVersionDate "2016.10.10"]
[SourceQuality "1"]

1. e4 e5 2. Nf3 Nc6 3. c3 Nf6 4. d4 exd4 5. e5 Nd5 6. Qb3 Nb6 7. cxd4 d6 8. Bb5 Bd7 9. 0-0 Be7 10. Nc3 0-0 11. Bf4 dxe5 12. dxe5 Be6 13. Qd1 Qxd1 14. Rfxd1 Rad8 15. Bxc6 bxc6 16. Nd4 Bd5 17. Rac1 c5 18. Nf5 Rfe8 19. Nxe7+ Rxe7 20. Bg5 f6 21. exf6 Rf7 22. fxg7 Rdd7 23. Nxd5 Rxd5 24. Rxd5 Nxd5 25. Rxc5 Nb6 26. g3 Kxg7 27. Bf4 Na8 28. Rc6 Rd7 29. Ra6 c5 30. Rc6 Rd5 31. Be3 Kf7 32. Rxc5 Rd7 33. Ra5 Nb6 34. Bxb6 axb6 35. Rb5 Rd6 36. a4 h6 37. b4 Ke7 38. a5 bxa5 39. bxa5 Ra6 40. f4 Kf7 41. Kf2 Kg7 42. Kf3 Kf7 43. g4 Kg7 44. f5 Kf7 45. Kf4 Kg7 46. h4 1-0

[Event "SVK-ch U16/20 Girls"]
[Site "Liptovsky Mikulas"]
[Date "2016.04.21"]
[Round "7"]
[White "Poliakova, Emma"]
[Black "Liscinska, Lucia"]
[Result "1-0"]
[WhiteElo "1849"]
[BlackElo "1623"]
[PlyCount "53"]
[EventDate "2016.04.16"]
[EventType "swiss"]
[EventRounds "9"]
[EventCountry "SVK"]
[SourceTitle "CBM 172 Extra"]
[Source "ChessBase"]
[SourceDate "2016.06.21"]
[SourceVersion "1"]
[SourceVersionDate "2016.06.21"]
[SourceQuality "1"]

1. e4 e5 2. Nf3 d6 3. d4 exd4 4. Nxd4 g6 5. Nc3 Bg7 6. Be3 Nf6 7. Be2 Nc6 8. Qd2 0-0 9. 0-0 Re8 10. Bd3 d5 11. exd5 Nxd5 12. Nxc6 bxc6 13. Nxd5 cxd5 14. Bb5 Bd7 15. Qxd5 Bxb5 16. Qxb5 Rb8 17. Qc4 Rxb2 18. Rad1 Qe7 19. Bxa7 Ra8 20. Rfe1 Rd8 21. Bc5 Rxd1 22. Rxd1 Qg5 23. h4 Qh6 24. Rd8+ Bf8 25. Rxf8+ Qxf8 26. Bxf8 Kxf8 27. a4 1-0

[Event "SVK-ch U16/20 Girls"]
[Site "Liptovsky Mikulas"]
[Date "2016.04.18"]
[Round "3"]
[White "Poliakova, Emma"]
[Black "Nadzamova, Sofia"]
[Result "1/2-1/2"]
[WhiteElo "1849"]
[BlackElo "1796"]
[PlyCount "85"]
[EventDate "2016.04.16"]
[EventType "swiss"]
[EventRounds "9"]
[EventCountry "SVK"]
[SourceTitle "CBM 172 Extra"]
[Source "ChessBase"]
[SourceDate "2016.06.21"]
[SourceVersion "1"]
[SourceVersionDate "2016.06.21"]
[SourceQuality "1"]

1. e4 c5 2. Nf3 Nc6 3. d4 cxd4 4. Nxd4 e5 5. Nb5 d6 6. N1c3 a6 7. Na3 b5 8. Nd5 Nce7 9. Bg5 f6 10. Be3 Rb8 11. c4 Nxd5 12. cxd5 f5 13. exf5 Bxf5 14. Bd3 Qd7 15. Nc2 a5 16. 0-0 Nf6 17. Re1 Be7 18. Rc1 0-0 19. f3 Rfc8 20. Bf2 Bd8 21. Qd2 Bxd3 22. Qxd3 Qb7 23. Ne3 Bb6 24. Nf5 Bxf2+ 25. Kxf2 g6 26. Ne3 Rc7 27. Rxc7 Qxc7 28. Re2 Qb7 29. Rc2 Rd8 30. Rc6 Kg7 31. Qc3 Kg8 32. Qxa5 Rd7 33. Rb6 Qc8 34. Qxb5 Qc1 35. Rc6 Qd2+ 36. Qe2 Qd4 37. Rc4 Qa7 38. Kf1 Qxa2 39. Qc2 Qa6 40. Ke1 Qa5+ 41. b4 Qb6 42. Qd2 Rc7 43. Rxc7 1/2-1/2

[Event "EU-ch U18 Girls 25th"]
[Site "Porec"]
[Date "2015.09.24"]
[Round "4"]
[White "Poliakova, Emma"]
[Black "Altshul, Limor"]
[Result "0-1"]
[WhiteElo "1835"]
[BlackElo "2013"]
[PlyCount "98"]
[EventDate "2015.09.21"]
[EventType "swiss"]
[EventRounds "9"]
[EventCountry "CRO"]
[SourceTitle "EXT 2016"]
[Source "ChessBase"]
[SourceDate "2015.10.08"]
[SourceVersion "1"]
[SourceVersionDate "2015.10.08"]
[SourceQuality "1"]

1. e4 c5 2. Nf3 d6 3. d4 cxd4 4. Nxd4 Nf6 5. Nc3 a6 6. Be3 e5 7. Nb3 Be6 8. f4 d5 9. exd5 Nxd5 10. Nxd5 Bxd5 11. fxe5 Be7 12. Qe2 Bh4+ 13. Bf2 Bxb3 14. axb3 0-0 15. Bxh4 Qxh4+ 16. g3 Qb4+ 17. c3 Qxb3 18. Bg2 Nd7 19. 0-0 Rae8 20. Qd1 Qb5 21. Qd5 Qb6+ 22. Kh1 Nxe5 23. Qxb7 Rb8 24. Qxb6 Rxb6 25. b4 Rd8 26. Rae1 f6 27. Rd1 Rbd6 28. Rxd6 Rxd6 29. Be4 g6 30. Kg2 f5 31. Bb1 Ng4 32. Kg1 Rd2 33. Rc1 Nxh2 34. Rc2 Nf3+ 35. Kf1 Kf8 36. c4 Ke7 37. c5 Kd7 38. Rc1 Rb2 39. Bd3 Kc6 40. Bxa6 Rxb4 41. Kf2 Nd4 42. Bf1 Rb2+ 43. Ke3 Ne6 44. Be2 Rb3+ 45. Kf2 Nxc5 46. Bf3+ Kd6 47. Rh1 Nd3+ 48. Ke2 Ne5 49. Bg2 h5 0-1

[Event "EU-ch U18 Girls 25th"]
[Site "Porec"]
[Date "2015.09.21"]
[Round "1"]
[White "Gueci, Laura"]
[Black "Poliakova, Emma"]
[Result "1-0"]
[WhiteElo "2023"]
[BlackElo "1835"]
[PlyCount "87"]
[EventDate "2015.09.21"]
[EventType "swiss"]
[EventRounds "9"]
[EventCountry "CRO"]
[SourceTitle "EXT 2016"]
[Source "ChessBase"]
[SourceDate "2015.10.08"]
[SourceVersion "1"]
[SourceVersionDate "2015.10.08"]
[SourceQuality "1"]

1. c4 e5 2. g3 Nf6 3. Bg2 d5 4. cxd5 Nxd5 5. Nc3 Nb6 6. Nf3 Nc6 7. 0-0 Be7 8. d3 0-0 9. Be3 Be6 10. Na4 Bd5 11. a3 f6 12. Rc1 Nd4 13. Bxd4 exd4 14. Nc5 Bxc5 15. Rxc5 Re8 16. Re1 c6 17. Qd2 Nd7 18. Rcc1 Ne5 19. Qb4 Bxf3 20. Bxf3 Nxf3+ 21. exf3 Qd7 22. Re4 Rxe4 23. fxe4 Kh8 24. Qc5 a6 25. Kg2 Rc8 26. Rc4 Rd8 27. Qb6 a5 28. Qxa5 f5 29. Qxf5 Qxf5 30. exf5 Rd5 31. b4 Kg8 32. Rc5 Rd6 33. Kf3 b5 34. Ke4 Kf7 35. Re5 g6 36. fxg6+ hxg6 37. f4 Kf6 38. h4 Rd7 39. h5 gxh5 40. Rxh5 Kg6 41. Re5 Rd6 42. f5+ Kf7 43. g4 Kf6 44. Re6+ 1-0

[Event "Liptovsky Mikulas CupT U20"]
[Site "Liptovsky Mikulas"]
[Date "2015.06.28"]
[Round "6.1"]
[White "Tomcikova, Dominika"]
[Black "Poliakova, Emma"]
[Result "1/2-1/2"]
[WhiteElo "1635"]
[BlackElo "1851"]
[PlyCount "30"]
[EventDate "2015.06.25"]
[EventType "team-swiss"]
[EventRounds "7"]
[EventCountry "SVK"]
[SourceTitle "CBM 167 Extra"]
[Source "ChessBase"]
[SourceDate "2015.09.14"]
[SourceVersion "1"]
[SourceVersionDate "2015.09.14"]
[SourceQuality "1"]
[WhiteTeam "Rajecke Teplice Girls (U18)"]
[BlackTeam "Povazie RSA (U18)"]
[WhiteTeamCountry "SVK"]
[BlackTeamCountry "SVK"]

1. e4 c5 2. Nc3 d6 3. f4 Nc6 4. Bb5 Bd7 5. Bxc6 Bxc6 6. d3 g6 7. Nf3 Bg7 8. 0-0 Nf6 9. Re1 0-0 10. h3 Qd7 11. Be3 b6 12. e5 Nd5 13. Nxd5 Bxd5 14. d4 c4 15. c3 e6 1/2-1/2

[Event "Liptovsky Mikulas CupT U20"]
[Site "Liptovsky Mikulas"]
[Date "2015.06.26"]
[Round "2.1"]
[White "Czerw, Dawid"]
[Black "Poliakova, Emma"]
[Result "1-0"]
[WhiteElo "2116"]
[BlackElo "1851"]
[PlyCount "87"]
[EventDate "2015.06.25"]
[EventType "team-swiss"]
[EventRounds "7"]
[EventCountry "SVK"]
[SourceTitle "CBM 167 Extra"]
[Source "ChessBase"]
[SourceDate "2015.09.14"]
[SourceVersion "1"]
[SourceVersionDate "2015.09.14"]
[SourceQuality "1"]
[WhiteTeam "Jastrzebie Zdroj (U18)"]
[BlackTeam "Povazie RSA (U18)"]
[WhiteTeamCountry "POL"]
[BlackTeamCountry "SVK"]

1. d4 d5 2. c4 dxc4 3. Nf3 Nf6 4. e3 Bg4 5. Bxc4 e6 6. Qb3 Bxf3 7. gxf3 Nbd7 8. Nc3 Nb6 9. Be2 c6 10. a4 Qc7 11. e4 Rd8 12. Be3 Be7 13. f4 0-0 14. 0-0 Nbd7 15. e5 Nd5 16. Nxd5 cxd5 17. a5 f5 18. Rfc1 Qb8 19. Bb5 Rf7 20. Rc2 Nf8 21. Rac1 Bh4 22. Bd2 Ng6 23. Be2 Rfd7 24. Qh3 a6 25. Qb3 Re8 26. Bh5 Kf7 27. Bb4 Be7 28. Bxe7 Rdxe7 29. Kh1 Qd8 30. Rc5 Rd7 31. Qg3 b6 32. axb6 Qxb6 33. Rg1 Rde7 34. Bxg6+ hxg6 35. Qxg6+ Kg8 36. Rc3 Rf7 37. Rcg3 Qa7 38. Qh5 Ra8 39. Rh3 Kf8 40. Qg5 Ke8 41. Qg3 Rd8 42. Qa3 Qxd4 43. Rh8+ Kd7 44. Qd6+ 1-0